| 000 | 00595nam a2200205Ia 4500 | ||
|---|---|---|---|
| 003 | GCL | ||
| 008 | 140319s9999 xx 000 0 aFre d | ||
| 020 | _a9774245376 | ||
| 040 |
_aGCL / _cGCL |
||
| 082 | 0 | 4 |
_a779 _bL P |
| 100 | 1 | _aLONGUEVILLE, PATRICK | |
| 245 | 1 | 0 |
_aPARIS - LE CAIRE / _cLONGUEVILLE, PATRICK |
| 260 |
_aالقاهرة : _bTHE REPRESENTATIVE OFFICE OF GAZ DE FRANCE ، _c2003 |
||
| 300 |
_a20 CM ؛ _c137 P |
||
| 650 | 0 | 4 | _aPARIS - DESCRIPTION AND TRAVEL |
| 650 | 0 | 4 | _aPHOTOGRAPHY - EQUIPMINTS |
| 650 | 0 | 4 | _aEGYPT - ANTIQUITIES |
| 650 | 0 | 4 | _aPHOTOGRAPHS |
| 942 |
_2ddc _cBK |
||
| 999 |
_c7441 _d7441 |
||